000
00304nam a2200133Ia 4500
008
221030s9999 xx 000 0 und d
041
_a
English
100
_a
B. R. Gupta
245
0
_a
Energy Conversion
_c
by B. R. Gupta, V. Singhal
260
_c
0
650
_a
B
700
_a
V. Singhal
942
_c
BK
999
_c
17366
_d
17366